000 00364nam a22001457a 4500
999 _c14790
_d14790
020 _a9788131236017
082 _a574.192
_bSAT/BI
100 _aSatyanarayana, U
_92001
100 _aChakrapani,U
_92002
245 _aBiochemistry (with clinical concepts and case studies)
250 _a4th
260 _aNew Delhi
_bElsevier
_c2016
300 _a799p
942 _cBK